Alexis de Tocqueville emlékirataiból

Elmentve itt :
Bibliográfiai részletek
További közreműködők: Ádám Péter
Adatforrás:Philobibl
Forrásdokumentuma:Holmi
19.2007:7. p. 931-943.
Dokumentumtípus: Cikk
Nyelv:magyar
Kulcsszavak:Tocqueville, A.
politikaelmélet
Online elérés:szabadon hozzáférhető
LEADER 00483nab a2200133 c 4500
001 bibPHI0044224
005 20240801110212.7
008 130214s2007 hu hun
245 0 0 |a Alexis de Tocqueville emlékirataiból  |c [ford. és bev. Ádám Péter] 
695 |a Tocqueville, A. 
695 |a politikaelmélet 
700 1 |a Ádám Péter 
773 0 |t Holmi  |g 19.2007:7. p. 931-943. 
856 4 1 |3 Full text  |u https://epa.oszk.hu/01000/01050/00043/pdf/holmi_2007_07_931-943.pdf  |z szabadon hozzáférhető